Stanovenie pevnosti hornín metódou PLT (point load test)

Guardado en:
Detalles Bibliográficos
Autor principal: Smädo, Filip, 1990- (Autor)
Otros Autores: Kopecký, Miloslav, 1963- (Orientador)
Formato: Manuscrito Libro
Lenguaje:eslovaco
Publicado: Bratislava : STU v Bratislave SvF, 2014
Materias:
Acceso en línea:VAIS
https://opac.crzp.sk/?fn=detailBiblioForm&sid=9359D1AC2B33EC8F6780F9DC0F9A
Etiquetas: Agregar Etiqueta
Sin Etiquetas, Sea el primero en etiquetar este registro!

MARC

LEADER 00000ntm a22000003a 4500
001 stu297135
005 20231004150931.9
008 140919s2014----xo------------------slo-d
040 |a STU  |b slo 
041 0 |a slo 
044 |a xo 
100 1 |a Smädo, Filip,  |d 1990-  |4 aut  |u V  |T SvF Stavebná fakulta  |X 74009  |U V  |Y 10  |7 A000074009 
242 0 0 |a PLT (point load test) method for determination rock strength  |y eng 
245 1 |a Stanovenie pevnosti hornín metódou PLT (point load test) 
260 |a Bratislava :  |b STU v Bratislave SvF,  |c 2014 
650 7 |a inžinierske konštrukcie a dopravné stavby  |2 stusub 
650 7 |a Structural and Transportation Engineering  |2 estusub 
650 7 |a point load test  |2 estusub 
700 1 |a Kopecký, Miloslav,  |d 1963-  |4 ths  |u V150  |U SvF Stavebná fakulta  |T SvF Katedra geotechniky  |X 797  |U V150  |Y 15  |7 A000000797 
856 4 |a info a plný text  |u http://is.stuba.sk/zp/portal_zp.pl?podrobnosti=80273  |3 VAIS 
856 4 |a CRZP  |u https://opac.crzp.sk/?fn=detailBiblioForm&sid=9359D1AC2B33EC8F6780F9DC0F9A